7 thói quen của những bạn trẻ thành đạt

Wedi'i Gadw mewn:
Manylion Llyfryddiaeth
Prif Awdur: Sean Covey
Fformat: Llyfr
Iaith:Undetermined
Cyhoeddwyd: Tp. Hồ Chí Minh Trẻ 2004
Tagiau: Ychwanegu Tag
Dim Tagiau, Byddwch y cyntaf i dagio'r cofnod hwn!
Thư viện lưu trữ: Trung tâm Học liệu Trường Đại học Cần Thơ
LEADER 00493nam a2200169Ia 4500
001 CTU_64538
008 210402s9999 xx 000 0 und d
020 |b 21600 
082 |a 305.242 
082 |b C873 
100 |a Sean Covey 
245 0 |a 7 thói quen của những bạn trẻ thành đạt 
245 0 |c Sean Covey; Vũ Thi Thu Nhi (biên dịch) 
260 |a Tp. Hồ Chí Minh 
260 |b Trẻ 
260 |c 2004 
980 |a Trung tâm Học liệu Trường Đại học Cần Thơ